Gimson's pronunciation of English / (Record no. 2197)

MARC details
000 -LEADER
fixed length control field 00952nam a2200265 a 4500
003 - CONTROL NUMBER IDENTIFIER
control field BD-DhJNU
005 - DATE AND TIME OF LATEST TRANSACTION
control field 20251008091139.0
008 - FIXED-LENGTH DATA ELEMENTS--GENERAL INFORMATION
fixed length control field 130719s2014 enka b 001 0 eng
020 ## - INTERNATIONAL STANDARD BOOK NUMBER
International Standard Book Number 9780415721745
Qualifying information hbk
020 ## - INTERNATIONAL STANDARD BOOK NUMBER
International Standard Book Number 9781444183092
Qualifying information pbk
020 ## - INTERNATIONAL STANDARD BOOK NUMBER
Canceled/invalid ISBN 9780203784969 (ebk)
040 ## - CATALOGING SOURCE
Original cataloging agency BD-DhJNU
Language of cataloging ENG
Transcribing agency BD-DhJNU
Modifying agency BD-DhJNU
082 00 - DEWEY DECIMAL CLASSIFICATION NUMBER
Classification number 421.58 CRG
Edition number 23
100 1# - MAIN ENTRY--PERSONAL NAME
Personal name Cruttenden, Alan
245 10 - TITLE STATEMENT
Title Gimson's pronunciation of English /
Statement of responsibility, etc. Alan Cruttenden
250 ## - EDITION STATEMENT
Edition statement Eighth Edition.
264 #1 - PRODUCTION, PUBLICATION, DISTRIBUTION, MANUFACTURE, AND COPYRIGHT NOTICE
Place of production, publication, distribution, manufacture London ;
-- New York :
Name of producer, publisher, distributor, manufacturer Routledge,
Date of production, publication, distribution, manufacture, or copyright notice 2014.
300 ## - PHYSICAL DESCRIPTION
Extent xxvi, 381 pages :
Other physical details illustrations ;
Dimensions 24 cm
500 ## - GENERAL NOTE
General note Rev. ed. of: An introduction to the pronunciation of English. 4th ed. 1989.
504 ## - BIBLIOGRAPHY, ETC. NOTE
Bibliography, etc. note Includes bibliographical references (pages 358-373) and index.
650 #0 - SUBJECT ADDED ENTRY--TOPICAL TERM
Topical term or geographic name entry element English language
General subdivision Phonetics.
650 #0 - SUBJECT ADDED ENTRY--TOPICAL TERM
Topical term or geographic name entry element English language
General subdivision Pronunciation.
700 12 - ADDED ENTRY--PERSONAL NAME
Personal name Gimson, A. C.
Title of a work Introduction to the pronunciation of English.
942 ## - ADDED ENTRY ELEMENTS (KOHA)
Koha item type Books
Holdings
Withdrawn status Lost status Source of classification or shelving scheme Damaged status Not for loan Collection Home library Current library Shelving location Date acquired Source of acquisition Total checkouts Full call number Barcode Date last seen Copy number Price effective from Koha item type
    Dewey Decimal Classification     Non-fiction Jagannath University Central Library Jagannath University Central Library General stacks 10/08/2025 Purchased   421.58 CRG JNUCL36298 10/08/2025 1 10/08/2025 Books